الإعاره فى المكتبات : (رقم التسجيلة. 86832)

تفاصيل مارك
000 -LEADER
fixed length control field 00780cam a2200229 a 4500
003 - CONTROL NUMBER IDENTIFIER
control field EG-GiCUC
008 - FIXED-LENGTH DATA ELEMENTS--GENERAL INFORMATION
fixed length control field 061004s1997 lb a g 000 0 ara d
040 ## - CATALOGING SOURCE
Original cataloging agency EG-GiCUC
Language of cataloging ara
Transcribing agency EG-GiCUC
050 #4 - LIBRARY OF CONGRESS CALL NUMBER
Classification number Z712.
Item number H3 1997
092 04 - LOCALLY ASSIGNED DEWEY CALL NUMBER (OCLC)
Classification number 025.6
Item number H344i
Edition number 21
099 ## - LOCAL FREE-TEXT CALL NUMBER (OCLC)
Classification number 04
-- 025.6 H344i
100 1# - MAIN ENTRY--PERSONAL NAME
Personal name حسن: سعيد أحمد.
245 12 - TITLE STATEMENT
Title الإعاره فى المكتبات :
Remainder of title خدماتها وانظماتها /
Statement of responsibility, etc. سعيد احمد حسن.
250 ## - EDITION STATEMENT
Edition statement ط.1.
260 ## - PUBLICATION, DISTRIBUTION, ETC.
Place of publication, distribution, etc. بيروت: لبنان :
Name of publisher, distributor, etc. مؤسسة المعارف:
Date of publication, distribution, etc. 1997.
300 ## - PHYSICAL DESCRIPTION
Extent 119 .ص :
Other physical details إيض. ؛
Dimensions 18 سم.
504 ## - BIBLIOGRAPHY, ETC. NOTE
Bibliography, etc. note يشتمل على ارجاعات ببليوجرافية.
650 #7 - SUBJECT ADDED ENTRY--TOPICAL TERM
Topical term or geographic name entry element الإعارة (مكتبات).
Source of heading or term qrmak
902 ## - LOCAL DATA ELEMENT B, LDB (RLIN)
No. of Items 2
905 ## - LOCAL DATA ELEMENT E, LDE (RLIN)
Cataloger شكرية
Reviser مدخل
942 ## - ADDED ENTRY ELEMENTS (KOHA)
Source of classification or shelving scheme Dewey Decimal Classification
Koha item type Books
المقتنيات
Source of classification or shelving scheme Not for loan Home library Current library Date acquired Full call number Barcode Date last seen Copy number Koha item type
Dewey Decimal Classification   المكتبة المركزبة الجديدة - جامعة القاهرة قاعة الكتب - الدور الثاني 11.02.2024 025.6 H344i 01000100111690000 22.09.2023 C.1 Books
Dewey Decimal Classification   المكتبة المركزبة الجديدة - جامعة القاهرة قاعة الكتب - الدور الثاني 11.02.2024 025.6 H344i 01000100111691000 22.09.2023 C.2 Books
Cairo University Libraries Portal Implemented & Customized by: Eng. M. Mohamady Contacts: new-lib@cl.cu.edu.eg | cnul@cl.cu.edu.eg
CUCL logo CNUL logo
© All rights reserved — Cairo University Libraries
CUCL logo
Implemented & Customized by: Eng. M. Mohamady Contact: new-lib@cl.cu.edu.eg © All rights reserved — New Central Library
CNUL logo
Implemented & Customized by: Eng. M. Mohamady Contact: cnul@cl.cu.edu.eg © All rights reserved — Cairo National University Library